000 00599 a2200193 4500
005 20260116152907.0
008 260114b |||||||| |||| 00| 0 eng d
020 _a9789359784748
_cRs. 2995.00
040 _aMAIN
082 _a796.021
_bM687F
100 _aMishra, Om Prakash
245 _aFundamentals of sports statistics: A comprehensive guide for physical education and sports professionals
260 _bFriends Publications (India)
_c2025
_aNew Delhi
300 _a334
650 _aPhysical Education
650 _aSports Management
650 _aSports Statistics
942 _cBK
999 _c394075
_d394075